LEADER 03192oam 2200529 450 001 9910484770003321 005 20210601231823.0 010 $a3-030-60922-7 024 7 $a10.1007/978-3-030-60922-1 035 $a(CKB)4100000011645312 035 $a(DE-He213)978-3-030-60922-1 035 $a(MiAaPQ)EBC6424431 035 $a(PPN)252516761 035 $a(EXLCZ)994100000011645312 100 $a20210601d2021 uy 0 101 0 $aeng 135 $aurnn|008mamaa 181 $ctxt$2rdacontent 182 $cc$2rdamedia 183 $acr$2rdacarrier 200 00$aSmart cities $ea data analytics perspective /$fedited by Mohammad Ayoub Khan, Fahad Algarni, Mohammad Tabrez Quasim 205 $a1st ed. 2021. 210 1$aCham, Switzerland :$cSpringer,$d[2021] 210 4$d©2021 215 $a1 online resource (XIV, 319 p. 82 illus., 59 illus. in color.) 225 1 $aLecture Notes in Intelligent Transportation and Infrastructure,$x2523-3440 311 $a3-030-60921-9 327 $aFundamental of Smart Cities -- A context aware big data analytics service-centric process modeling approach -- Smart Energy: A Collaborative Demand Response Solution for Smart Neighborhood. 330 $aThis book offers practical as well as conceptual knowledge of the latest trends, tools, techniques and methodologies of data analytics in smart cities. The smart city is an advanced technological area that is capable of understanding the environment by examining the data to improve the livability. The smart cities allow different kinds of wireless sensors to gather massive amounts, full speed and a broad range of city data. The smart city has a focus on data analytics facilitated through the IoT platforms. There is a need to customize the IoT architecture and infrastructures to address needs in application of specific domains of smart cities such as transportation, traffic, health and, environment. The smart cities will provide next generation development technologies for urbanization that includes the need of environmental sustainability, personalization, mobility, optimum energy utilization, better administrative services and higher quality of life. Each chapter presents the reader with an in-depth investigation regarding the possibility of data analytics perspective in smart cities. The book presents cutting-edge and future perspectives of smart cities, where industry experts, scientists, and scholars exchange ideas and experience about surrounding frontier technologies, breakthrough and innovative solutions and applications. 410 0$aLecture Notes in Intelligent Transportation and Infrastructure,$x2523-3440 606 $aInternet of things 606 $aTransportation engineering 606 $aSmart cities 615 0$aInternet of things. 615 0$aTransportation engineering. 615 0$aSmart cities. 676 $a307.760285 702 $aKhan$b Mohammad Ayoub$f1980- 702 $aAlgarni$b Fahad 702 $aQuasim$b Mohammad Tabrez 801 0$bMiAaPQ 801 1$bMiAaPQ 801 2$bUtOrBLW 906 $aBOOK 912 $a9910484770003321 996 $aSmart cities$9261580 997 $aUNINA